000 01512nam a2200205Ia 4500
001 a1683-42508
003 IT-MiCISF
008 161014s9999||||xx |||||||||||||| ||und||
040 _aIT-MiCISF
_cIT-MiCISF
041 _ait
100 _aNegri Luigi
245 0 _aVivere il matrimonio
_bPercorso di verifica per fidanzati e sposi
250 _a1a ed.
260 _a Milano
_bEdizioni Ares
_c2006
300 _app. 174
500 _a / pastorale-familiare, matrimonio-sacramento, preparazione-al-matrimonio, vocazione, rapporti-uomo-donna, famiglia, chiesa-domestica, valori, sessualità / La parola matrimonio evoca l'espressione piena di un'umanità responsabile che è segno di redenzione dentro la storia, anche attraverso gli aspetti materiali della vita. L'affezione reciproca è un sentimento grande ma al tempo stesso faticoso, come lo è mettere al mondo dei figli ed educarli; come è faticoso far fronte alle necessità economiche del quotidiano, specie alle soglie dell'esperienza coniugale... Ma che cosa rende lieve ogni difficoltà e fa del sacramento del matrimonio uno strumento privilegiato e incarnato della salvezza cristiana? Il suo porsi come segno di contraddizione nel contesto del mondo dominato dagli scopi individualisti e intraterreni del potere e del successo, come luogo della fedeltà, della condivisione, dell'ospitalità e del sacrificio reciproco e verso gli altri.
650 _a Temi di pastorale / pastorale-familiare
_e012
942 _cBK
957 _71
999 _a42508
_bsi
_g1
_c217525
_d217525